Постаті ХХ століття (Запис № 336381)
[ простий вигляд ]
| 000 -LEADER | |
|---|---|
| fixed length control field | 00716nam a22002537a 4500 |
| 001 - CONTROL NUMBER | |
| control field | 50280 |
| 003 - CONTROL NUMBER IDENTIFIER | |
| control field | UA-OsUOA |
| 005 - DATE AND TIME OF LATEST TRANSACTION | |
| control field | 20210725133451.0 |
| 007 - PHYSICAL DESCRIPTION FIXED FIELD--GENERAL INFORMATION | |
| fixed length control field | ta |
| 008 - FIXED-LENGTH DATA ELEMENTS--GENERAL INFORMATION | |
| fixed length control field | 20071112b un ||||| |||| 00| 0 ukr d |
| 020 ## - INTERNATIONAL STANDARD BOOK NUMBER | |
| International Standard Book Number | 966-8290-01-1 |
| 040 ## - CATALOGING SOURCE | |
| Original cataloging agency | UA-OsUOA |
| Language of cataloging | ukr |
| Transcribing agency | UA-OsUOA |
| Modifying agency | UA-OsUOA |
| 041 ## - LANGUAGE CODE | |
| Language code of text/sound track or separate title | ukr |
| 080 ## - UNIVERSAL DECIMAL CLASSIFICATION NUMBER | |
| Universal Decimal Classification number | 929:94(100) |
| 090 ## - LOCALLY ASSIGNED LC-TYPE CALL NUMBER (OCLC); LOCAL CALL NUMBER (OCLC) | |
| Classification number (OCLC) (R) ; Classification number, CALL (RLIN) (NR) | 929:94(100) |
| Local cutter number (OCLC) ; Book number/undivided call number, CALL (RLIN) | П36 |
| 100 ## - MAIN ENTRY--PERSONAL NAME | |
| Personal name | Підлуцький О. |
| 245 ## - TITLE STATEMENT | |
| Title | Постаті ХХ століття |
| 260 ## - PUBLICATION, DISTRIBUTION, ETC. (IMPRINT) | |
| Place of publication, distribution, etc | К. |
| Name of publisher, distributor, etc | Тріада-А |
| Date of publication, distribution, etc | 2004 |
| 300 ## - PHYSICAL DESCRIPTION | |
| Extent | 118 с. |
| 650 #7 - SUBJECT ADDED ENTRY--TOPICAL TERM | |
| Topical term or geographic name as entry element | 9 Географія. Біографії. Історія |
| Source of heading or term | UDC |
| 942 ## - ADDED ENTRY ELEMENTS (KOHA) | |
| Koha item type | Книги |
| Source of classification or shelving scheme | Universal Decimal Classification |
| 955 ## - COPY-LEVEL INFORMATION (RLIN) | |
| Classification number, CCAL (RLIN) | Навчальні видання |
| Withdrawn status | Lost status | Source of classification or shelving scheme | Damaged status | Not for loan | Home library | Current library | Date acquired | Source of acquisition | Cost, normal purchase price | Inventory number | Total Checkouts | Full call number | Barcode | Date last seen | Price effective from | Koha item type |
|---|---|---|---|---|---|---|---|---|---|---|---|---|---|---|---|---|
| Universal Decimal Classification | АБ - Абонемент НБ | АБ - Абонемент НБ | 12/11/2007 | 193/2007 | 2.00 | 109200 | 929:94(100) П36 | 109200 | 19/01/2022 | 12/11/2007 | Книги | |||||
| Universal Decimal Classification | АБ - Абонемент НБ | АБ - Абонемент НБ | 12/11/2007 | 193/2007 | 2.00 | 109201 | 929:94(100) П36 | 109201 | 19/01/2022 | 12/11/2007 | Книги | |||||
| Universal Decimal Classification | ЧЗ - Читальна зала | ЧЗ - Читальна зала | 06/05/2009 | 66/2009 | 6.00 | 120778 | 929:94(100) П36 | 120778 | 09/02/2022 | 06/05/2009 | Книги |